From Twilight to Breaking dawn : (Record no. 4101)

MARC details
000 -LEADER
fixed length control field 01180cam a22002894a 4500
001 - CONTROL NUMBER
control field 16126707
003 - CONTROL NUMBER IDENTIFIER
control field OSt
005 - DATE AND TIME OF LATEST TRANSACTION
control field 20250627111648.0
008 - FIXED-LENGTH DATA ELEMENTS--GENERAL INFORMATION
fixed length control field 100309s2010 mou b 000 0 eng
010 ## - LIBRARY OF CONGRESS CONTROL NUMBER
LC control number 2010008559
020 ## - INTERNATIONAL STANDARD BOOK NUMBER
International Standard Book Number 9780827210479
040 ## - CATALOGING SOURCE
Original cataloging agency DLC
Transcribing agency DLC
Modifying agency DLC
050 00 - LIBRARY OF CONGRESS CALL NUMBER
Classification number PS3613.E979
Item number Z66 2010
082 00 - DEWEY DECIMAL CLASSIFICATION NUMBER
Classification number 813/.6
Edition number 22
100 1# - MAIN ENTRY--PERSONAL NAME
Personal name Gravett, Sandra L.
245 10 - TITLE STATEMENT
Title From Twilight to Breaking dawn :
Remainder of title religious themes in the Twilight saga /
Statement of responsibility, etc. Sandie L. Gravett.
260 ## - PUBLICATION, DISTRIBUTION, ETC. (IMPRINT)
Place of publication, distribution, etc. Saint Louis, Mo. :
Name of publisher, distributor, etc. Chalice Press,
Date of publication, distribution, etc. c2010.
300 ## - PHYSICAL DESCRIPTION
Extent vii, 118 p. ;
Dimensions 22 cm.
504 ## - BIBLIOGRAPHY, ETC. NOTE
Bibliography, etc Includes bibliographical references (p. 103-118).
505 0# - FORMATTED CONTENTS NOTE
Formatted contents note Preface -- Edward -- Bella -- Carslile -- Determinism and moral choice -- Renesmee -- Revelation, the final apocalypse and the coming of the kingdom -- Final thoughts.
600 10 - SUBJECT ADDED ENTRY--PERSONAL NAME
Personal name Meyer, Stephenie,
Dates associated with a name 1973-
Title of a work Twilight saga series.
600 10 - SUBJECT ADDED ENTRY--PERSONAL NAME
Personal name Meyer, Stephenie,
Dates associated with a name 1973-
General subdivision Religion.
650 #0 - SUBJECT ADDED ENTRY--TOPICAL TERM
Topical term or geographic name as entry element Christianity in literature.
906 ## - LOCAL DATA ELEMENT F, LDF (RLIN)
a 7
b cbc
c orignew
d 1
e ecip
f 20
g y-gencatlg
942 ## - ADDED ENTRY ELEMENTS (KOHA)
Source of classification or shelving scheme Dewey Decimal Classification
Koha item type Books

No items available.

LIBRARY OPENING HOURS

When the Parliament is sitting: 8.00a.m - 7.00p.m or until the house adjourns
Mondays and Fridays and when the House is on Recess:  8.00a.m - 5.00p.m
Closed on Weekends and Public Holidays

Online Public Access Catalog (OPAC)
Website: http://www.parliament.go.ke
Bunge Library: https://libraryir.parliament.go.ke
Contact: library@parliament.go.ke | Tel no: (254-2)2221291 or 2848000 Ext 5043